| 000 | 00979nam a22003011i 4500 | ||
|---|---|---|---|
| 001 | 016253956 | ||
| 003 | OSt | ||
| 005 | 20150212113254.0 | ||
| 008 | 130902t2013 xxua frd 001 0 eng d | ||
| 020 | _a9780071315241 (paperback) | ||
| 020 | _a0071315241 (MHID) | ||
| 040 |
_aIiNdDKA _beng _cIiNdDKA _dEG-ScBUE |
||
| 082 | 0 | 0 |
_a657 _222 _bPHI |
| 100 | 1 |
_aPhillips, Fred, _937387 |
|
| 245 | 1 | 0 |
_aFundamentals of financial accounting / _cFred Phillips, Robert Libby, Patricia A. Libby. |
| 250 |
_a4th ed., _bMcGraw-Hill international ed. |
||
| 260 |
_aNew York, United States : _bMcGraw-Hill Irwin, _cc.2013. |
||
| 300 |
_a[Various pagings] : _b ill. (col.) ; _c28 cm. |
||
| 500 | _aIncludes appendixes. | ||
| 500 | _aIncludes glossary. | ||
| 500 | _aIncludes indexes. | ||
| 650 | 0 |
_aAccounting _99036 |
|
| 653 |
_bBUSADM _cFebruary2015 |
||
| 655 |
_vreading book _934232 |
||
| 700 | 1 |
_aLibby, Robert _937388 |
|
| 700 | 1 |
_aLibby, Patricia A. _937389 |
|
| 942 |
_2ddc _k657 PHI |
||
| 999 |
_c18967 _d18939 |
||